La comunidad patrimonial de la familia en el derecho español medieval
Guardat en:
| Autors principals: | , |
|---|---|
| Format: | Llibre |
| Idioma: | espanyol |
| Publicat: |
Salamanca
Universidad de Salamanca
1956
|
| Col·lecció: | Derecho III, 1
|
| Matèries: | |
| Etiquetes: |
Afegir etiqueta
Sense etiquetes, Sigues el primer a etiquetar aquest registre!
|
MARC
| LEADER | 00000nam a2200000 a 4500 | ||
|---|---|---|---|
| 001 | UCR2544 | ||
| 003 | CL-VaPUC | ||
| 008 | 980112e19560000SP |||||||||||||||||spa|d | ||
| 082 | 0 | 4 | |a 349.46 |b VAL |2 21 |
| 100 | 0 | |a Valdeavellano, Luis G. de |e author |9 400457 | |
| 700 | 0 | |a García de Valdeavellano, Luis |e author |9 400458 | |
| 245 | 1 | 3 | |a La comunidad patrimonial de la familia en el derecho español medieval |
| 300 | |a 42 p | ||
| 942 | |c BK | ||
| 945 | |d 19980112 00:00:00 |a crobeson | ||
| 260 | |a Salamanca |b Universidad de Salamanca |c 1956 | ||
| 650 | 0 | |a Derecho español |9 255291 | |
| 650 | 0 | |a Derecho privado |9 258243 | |
| 650 | 0 | |a Patrimonio |9 257770 | |
| 650 | 7 | |a MATRIMONIO APECTOS JURIDICOS |2 CL-VaPUC |9 400459 | |
| 651 | 0 | |a España |9 254926 | |
| 583 | |a last modification |c 20120409 06:44:53 |k Rodrigo Vera | ||
| 490 | 0 | |a Derecho III, 1 | |
| 999 | |c 265678 |d 265676 | ||
| 952 | |0 0 |1 0 |4 0 |6 349_460000000000000_VAL_1956 |7 0 |8 DER_HIS |9 296695 |a BIBDER |b BIBDER |d 2019-11-20 |i 1924559 |o 349.46 VAL 1956 |p 1924559 |r 2023-01-25 |w 2019-11-20 |x Ubicación 4to Piso |y BK |z Estos recursos deben solicitarse con anticipación |k DER | ||